লোডিং...

Advanced calculus

গ্রন্থ-পঞ্জীর বিবরন
প্রধান লেখক: Nickerson, H K
অন্যান্য লেখক: Spencer, D C, Steenrod, N E
বিন্যাস: Printed Book
ভাষা:English
প্রকাশিত: New Delhi East - West 1959
বিষয়গুলি:
LEADER 00558nam a22001817a 4500
005 20151217143913.0
008 100512t xxu||||| |||| 00| 0 eng d
080 |a 517  |b NIC 
100 |a Nickerson, H K   |9 6975 
245 |a Advanced calculus 
260 |a New Delhi  |b East - West  |c 1959 
300 |a 540p. 
653 |a Advanced calculus 
700 |a Spencer, D C  |9 6976 
700 |a Steenrod, N E  |9 6977 
942 |c BK  |6 _ 
999 |c 143279  |d 143279 
952 |0 0  |1 0  |2 ddc  |4 0  |6 517_NIC  |7 0  |9 182378  |a DST  |b DST  |d 2010-05-12  |o 517 NIC  |p DST00791  |r 2013-06-19  |w 2013-06-19  |y BK